مبادئ الاقتصاد الجزئي / (رقم التسجيلة. 27033)

تفاصيل مارك
000 -الفاتح
حقل البيانات ثابتة الطول 00720nam a22002177a 4500
003 - محدد رقم الضبط
رقم الضبط OSt
005 - وقت وتاريخ اخر تعامل مع التسجيلة
رقم الضبط 20150408114111.0
008 - عناصر البيانات ثابتة الطول - معلومات عامة
حقل البيانات ثابتة الطول 130127s2013 jo ak f b 00| 0 ara d
020 ## - الرقم الدولى المعيارى للكتب
الرقم الدولى المعيارى للكتاب 9789957225230
040 ## - مصدر الفهرسة
وكالة الفهرسة الأصلية MU
082 04 - رقم تصنيف ديوى العشرى
رقم الطبعة 21
رقم التصنيف 338.5
رقم المادة خ ع م
100 1# - المدخل الرئيسى - إسم شخصى
الإسم الشخصى خليفي، عيسى
9 (RLIN) 19788
245 10 - بيان العنوان
العنوان مبادئ الاقتصاد الجزئي /
بيان المسئوليه,etc تأليف عيسى خليفي.
250 ## - بيان الطبعة
بيان الطبعة ط. 1.
260 ## - PUBLICATION, DISTRIBUTION, ETC. (IMPRINT)
مكان الناشر او الموزع عمان، الأردن :
اسم الناشر او الموزع دار أسامة،
تاريخ النشر أو التوزيع 2013
300 ## - الوصف المادى
التعداد 232 ص. :
تفاصيل ماديه اخرى للوعاء أشكال، جداول ؛
أبعاد الوعاء 24 سم.
504 ## - تبصرة ببليوجرافية
تبصرة ببليوجرافية,الخ ببليوجرافية : ص. 231-232.
650 #4 - المدخل الاضافى بالموضوع-مصطلح موضوعى
مصطلح موضوعي أو اسم جغرافي كعنصر مدخل الاقتصاد الجزئي .
9 (RLIN) 19812
650 #4 - المدخل الاضافى بالموضوع-مصطلح موضوعى
مصطلح موضوعي أو اسم جغرافي كعنصر مدخل الاقتصاد
التقسيم الفرعي العام فلسفة.
9 (RLIN) 16699
942 ## - عناصر المدخل الإضافي( كوها)
مصدر التصنيف او مخطط الترفيف Dewey Decimal Classification
Koha [default] item type DVD
المقتنيات
حالة الفقد نموذج السعر الفعال حالة تلف ليس للاعارة رقم الطلب رقم النسخة تاريخ الاكتساب الموقع الحالي الباركود الفرع الرئيسي Date last seen نوع المادة فى نظام كوها مصدر التصنيف او خطة الترفيف Total Checkouts Date last checked out
  2013-03-10     338.5 خ ع م ن.1 2013-01-27 المكتبة المركزية بالمجمعة (CL) 00107873 المكتبة المركزية بالمجمعة (CL) 2013-03-10 كتاب Dewey Decimal Classification    
  2013-03-10     338.5 خ ع م ن.2 2013-01-27 المكتبة المركزية بالمجمعة (CL) 00107872 المكتبة المركزية بالمجمعة (CL) 2023-09-21 كتاب Dewey Decimal Classification 1 2023-08-23
  2013-03-10     338.5 خ ع م ن.3 2013-01-27 المكتبة المركزية بالمجمعة (CL) 00107871 المكتبة المركزية بالمجمعة (CL) 2013-03-10 كتاب Dewey Decimal Classification    
  2013-03-10     338.5 خ ع م ن.1 2013-01-27 قسم الاجراءات الفنية (IC) 00107870 قسم الاجراءات الفنية (IC) 2013-03-10 كتاب Dewey Decimal Classification    
  2013-03-10     338.5 خ ع م ن.2 2013-01-27 قسم الاجراءات الفنية (IC) 00107869 قسم الاجراءات الفنية (IC) 2013-03-10 كتاب Dewey Decimal Classification    
  2014-01-01     338.5 خ ع م   2014-01-01 قسم الاجراءات الفنية (IC) 00601723 قسم الاجراءات الفنية (IC) 2016-05-24 كتاب Dewey Decimal Classification 1 2015-10-06
  2014-01-01     338.5 خ ع م   2014-01-01 قسم الاجراءات الفنية (IC) 00601724 قسم الاجراءات الفنية (IC) 2015-03-08 كتاب Dewey Decimal Classification 1 2014-12-29
  2014-01-01     338.5 خ ع م   2014-01-01 مكتبة كلية التمريض - طالبات (CNF) 00601727 مكتبة كلية التمريض - طالبات (CNF) 2014-01-01 كتاب Dewey Decimal Classification    
  2014-01-01     338.5 خ ع م   2014-01-01 مكتبة كلية التمريض - طالبات (CNF) 00601728 مكتبة كلية التمريض - طالبات (CNF) 2023-02-01 كتاب Dewey Decimal Classification 1 2023-01-18
  2014-01-01     338.5 خ ع م   2014-01-01 مكتبة كلية العلوم و الدراسات الإنسانية برماح - طالبات (SRF) 00601729 مكتبة كلية العلوم و الدراسات الإنسانية برماح - طالبات (SRF) 2014-01-01 كتاب Dewey Decimal Classification    
  2014-01-01     338.5 خ ع م   2014-01-01 مكتبة كلية العلوم و الدراسات الإنسانية برماح - طالبات (SRF) 00601730 مكتبة كلية العلوم و الدراسات الإنسانية برماح - طالبات (SRF) 2022-09-12 كتاب Dewey Decimal Classification 1 2022-09-06
  2014-01-01     338.5 خ ع م   2014-01-01 مكتبة كلية العلوم و الدراسات الإنسانية برماح - طلاب (SRM) 00601725 مكتبة كلية العلوم و الدراسات الإنسانية برماح - طلاب (SRM) 2014-01-01 كتاب Dewey Decimal Classification    
  2014-01-01     338.5 خ ع م   2014-01-01 مكتبة كلية العلوم و الدراسات الإنسانية برماح - طلاب (SRM) 00601726 مكتبة كلية العلوم و الدراسات الإنسانية برماح - طلاب (SRM) 2014-01-01 كتاب Dewey Decimal Classification    
  2014-01-01     338.5 خ ع م   2014-01-01 مكتبة مجمع الكليات بالزلفى - طلاب (SZM) 00601721 مكتبة مجمع الكليات بالزلفى - طلاب (SZM) 2014-01-01 كتاب Dewey Decimal Classification    
  2014-01-01     338.5 خ ع م   2014-01-01 مكتبة مجمع الكليات بالزلفى - طلاب (SZM) 00601722 مكتبة مجمع الكليات بالزلفى - طلاب (SZM) 2014-01-01 كتاب Dewey Decimal Classification